000 00731nam a22002177a 4500
003 UA-OsUOA
001 46579
007 ta
008 20120328b un ||||| |||| 00| 0 ukr d
090 _a050
_bА57
942 _cMG
040 _aUA-OsUOA
_bukr
_cUA-OsUOA
_dUA-OsUOA
245 _aАльманах "Свобода" на рік 1963
300 _a192 с.
955 _a4
041 _aukr
080 _a050
650 7 _a050 Серійні публікації. Періодика галузі, Організація та інші типи поєднання (співробітництва)
_2UDC
999 _c426684
_d426684